000 00346nam a2200133Ia 4500
008 240624s9999 xx 000 0 und d
041 _aeng
082 _a332.64 HAR
100 _aHARRIS LARRY
245 _aTRADING AND EXCHANGES MARKET MICROSTRUCT
260 _c2002
_aNew Delhi
_bOxford University press
300 _a656 : p.
365 _cRS
_b28
999 _c15335
_d15335